[Event "AUTO-ADV-4378"]
[Site "http://www.queenalice.com/game.php?id=1631429"]
[Date "2020.10.31"]
[Round "2"]
[White "IranSilva"]
[Black "Baruch"]
[Result "1-0"]
[WhiteElo "2146"]
[BlackElo "2007"]

1. c4 e6 2. g3 c6 3. Bg2 Bc5 4. Nf3 Ne7 5. O-O O-O 6. e3 d5 7. d4 Bd6 8. c5 Bc7
9. b4 Nd7 10. Nc3 b6 11. a4 Bb7 12. e4 dxe4 13. Nxe4 f6 14. Bb2 Nd5 15. Qb3 Qe7
16. Rfe1 f5 17. Nc3 N7f6 18. Ne5 Nxc3 19. Bxc3 Nd5 20. Rad1 Bxe5 21. Rxe5 Nxc3
22. Qxc3 Rad8 23. Rde1 Rfe8 24. Qc4 Qd7 25. Rxe6 1-0

[Event "AUTO-MASTER-3031"]
[Site "http://www.queenalice.com/game.php?id=1645396"]
[Date "2021.3.2"]
[Round "1"]
[White "Baruch"]
[Black "Alexandrovinsk"]
[Result "1-0"]
[WhiteElo "1996"]
[BlackElo "2209"]

1. d4 f5 2. Nf3 Nf6 3. e3 e6 4. Be2 Bd6 5. O-O O-O 6. c4 c5 7. dxc5 Bxc5 8. b3
Nc6 9. Nc3 d5 10. Bb2 a6 11. cxd5 Nxd5 12. Nxd5 exd5 13. Rc1 Bb6 14. g3 Be6 15.
Nh4 g5 16. Ng2 Qe7 17. Re1 Rad8 18. Kh1 Qd7 19. f4 g4 20. Bd3 Rde8 21. Qc2 Nb4
22. Qc3 d4 23. Qxb4 Ba7 24. exd4 Bd5 25. Bc4 Kg7 26. Bxd5 Qxd5 27. Rc7+ 1-0

[Event "AUTO-MASTER-3031"]
[Site "http://www.queenalice.com/game.php?id=1645397"]
[Date "2021.3.2"]
[Round "1"]
[White "Alexandrovinsk"]
[Black "Baruch"]
[Result "1-0"]
[WhiteElo "2201"]
[BlackElo "2004"]

1. e4 e6 2. d4 d5 3. Nc3 c5 4. dxc5 Nf6 5. exd5 Bxc5 6. Bb5+ Bd7 7. dxe6 fxe6 8.
Bxd7+ Qxd7 9. Bg5 O-O 10. Nf3 Nd5 11. Nxd5 Qxd5 12. Qxd5 exd5 13. O-O Nc6 14. a3
a6 15. Rad1 h6 16. Bh4 Be7 17. Rxd5 Bxh4 18. Nxh4 Rad8 19. Rfd1 Rxd5 20. Rxd5
Re8 21. Kf1 Rd8 22. Rxd8+ Nxd8 23. Ke2 Kf7 24. Nf5 Ne6 25. Nd6+ Ke7 26. Nxb7 1-0

[Event "AUTO-MASTER-3031"]
[Site "http://www.queenalice.com/game.php?id=1645398"]
[Date "2021.3.2"]
[Round "1"]
[White "Baruch"]
[Black "JailtonMaster"]
[Result "1-0"]
[WhiteElo "2034"]
[BlackElo "1867"]

1. d4 d5 2. Nf3 Nf6 3. e3 e6 4. Bd3 Bd6 5. O-O O-O 6. Nbd2 c5 7. dxc5 Bxc5 8. b3
Nc6 9. Bb2 Re8 10. c4 dxc4 11. Nxc4 a6 12. e4 e5 13. Ncxe5 Nxe5 14. Nxe5 Bd4 15.
Nxf7 Kxf7 16. Bc4+ Be6 17. Bxe6+ Rxe6 18. Qxd4 Qxd4 19. Bxd4 Rxe4 20. Be3 Nd5
21. Rac1 Rae8 22. Rfd1 Nxe3 23. fxe3 Rxe3 24. Rc7+ R8e7 25. Rf1+ Kg6 26. Rfc1
Re2 27. Rxe7 Rxe7 28. Rc2 Kf5 29. h3 Re1+ 30. Kf2 Re7 31. Kf3 Rd7 32. g4+ Ke5
33. Ke3 Rf7 34. a4 Rd7 35. b4 g6 36. Rc5+ Ke6 37. Ke4 Kf6 38. g5+ Kg7 39. Rd5
Re7+ 40. Kd4 Rc7 41. h4 h6 42. Rd6 h5 43. Kd5 Kf7 44. Rf6+ Kg7 45. Rd6 Kf7 46.
b5 axb5 47. axb5 Re7 48. b6 Kg7 49. Rf6 Re1 50. Kd6 Rc1 51. Ke7 Rh1 52. Rf7+ Kg8
53. Rf4 Rb1 54. Rf6 Kg7 55. Kd8 Rc1 56. Re6 Rc4 57. Re7+ Kf8 58. Rxb7 1-0

[Event "AUTO-MASTER-3031"]
[Site "http://www.queenalice.com/game.php?id=1645399"]
[Date "2021.3.2"]
[Round "1"]
[White "JailtonMaster"]
[Black "Baruch"]
[Result "0-1"]
[WhiteElo "1929"]
[BlackElo "1990"]

1. e4 e6 2. e5 d5 3. exd6 Bxd6 4. Nf3 Nf6 5. Be2 O-O 6. O-O b6 7. d4 Bb7 8. c4
Nbd7 9. Nc3 c5 10. Bg5 h6 11. Bh4 cxd4 12. Nxd4 Qc7 13. Bg3 Bxg3 14. hxg3 Rfd8
15. Qc2 Ne5 16. Rad1 a6 17. b3 Nc6 18. Nxc6 Bxc6 19. Rxd8+ Rxd8 20. Rd1 Nd7 21.
Qd3 Re8 22. Bf3 Ne5 23. Qe2 f6 24. Bxc6 Qxc6 25. Ne4 Re7 26. Rd6 Qc7 27. Qd2 Nf7
28. Qd4 Nxd6 0-1

[Event "AUTO-MASTER-3031"]
[Site "http://www.queenalice.com/game.php?id=1645400"]
[Date "2021.3.2"]
[Round "1"]
[White "Baruch"]
[Black "maurice91"]
[Result "0-1"]
[WhiteElo "2009"]
[BlackElo "1924"]

1. d4 c6 2. e4 d5 3. exd5 cxd5 4. Nf3 Nc6 5. Bd3 Nf6 6. O-O e6 7. Nbd2 Be7 8. b3
O-O 9. Bb2 a6 10. Re1 Nb4 11. Ne5 Nxd3 12. Nxd3 Bd7 13. Ne5 Rc8 14. c4 dxc4 15.
Ndxc4 Bb4 16. Re2 Nd5 17. Nd3 Bc3 18. Rc1 Bxb2 19. Rxb2 Bb5 20. Rbc2 Qf6 21.
Nde5 Rfd8 22. a4 Bc6 23. Na5 Nb4 24. Naxc6 Nxc6 25. Nxc6 bxc6 26. Qd3 e5 27.
Qxa6 exd4 28. Rxc6 Ra8 29. Qxa8 Qg5 30. Qa5 Qxa5 0-1

[Event "AUTO-MASTER-3031"]
[Site "http://www.queenalice.com/game.php?id=1645401"]
[Date "2021.3.2"]
[Round "1"]
[White "maurice91"]
[Black "Baruch"]
[Result "0-1"]
[WhiteElo "1951"]
[BlackElo "2021"]

1. d4 d5 2. Nf3 Nf6 3. Bf4 e6 4. Nbd2 Be7 5. e3 O-O 6. Bd3 b6 7. O-O Bb7 8. Re1
Nbd7 9. e4 dxe4 10. Nxe4 Nh5 11. Bd2 Nhf6 12. Nxf6+ Nxf6 13. Bg5 h6 14. Bxf6
Bxf6 15. c3 Qd5 16. Bc2 Qb5 17. Rb1 Rad8 18. Bd3 Qd7 19. Ne5 Bxe5 20. Rxe5 c5
21. Bc2 cxd4 22. cxd4 Qxd4 23. Qxd4 Rxd4 24. Re2 Rfd8 25. h3 Ba6 26. Ree1 Bd3
27. Bxd3 Rxd3 28. a3 a5 29. Kf1 Rd2 30. Kg1 g5 31. b4 a4 32. Re3 Kg7 33. Kh2
Rxf2 34. Rg1 Rfd2 35. Rf1 R8d3 36. Rff3 Rd5 37. Kg3 Kg6 38. h4 gxh4+ 39. Kxh4
Rh5+ 40. Kg3 Rg5+ 41. Kf4 Rdxg2 42. Ke4 Rd5 43. Rg3+ Rxg3 44. Rxg3+ Rg5 45. Rc3
h5 46. Rc6 b5 47. Rc3 h4 48. Rh3 Kh5 49. Kf4 e5+ 50. Kf3 f5 51. Kf2 e4 52. Re3
Rg3 53. Rxg3 hxg3+ 54. Kxg3 Kg5 55. Kf2 f4 56. Kg2 Kg4 57. Kf2 e3+ 58. Ke2 Kg3
59. Kf1 f3 60. Kg1 e2 0-1

[Event "AUTO-OPEN-4283"]
[Site "http://www.queenalice.com/game.php?id=1760969"]
[Date "2021.5.30"]
[Round "1"]
[White "Vedovanera"]
[Black "Baruch"]
[Result "1-0"]
[WhiteElo "2134"]
[BlackElo "1984"]

1. e4 e6 2. d4 d5 3. Nc3 c5 4. exd5 exd5 5. Bb5+ Bd7 6. Qe2+ Qe7 7. Be3 Nf6 8.
dxc5 Nc6 9. Nf3 O-O-O 10. O-O-O Qe6 11. Rhe1 Ne4 12. Nxd5 Bxc5 13. Bxc5 1-0

[Event "AUTO-OPEN-4283"]
[Site "http://www.queenalice.com/game.php?id=1760970"]
[Date "2021.5.30"]
[Round "1"]
[White "Baruch"]
[Black "Vedovanera"]
[Result "0-1"]
[WhiteElo "1974"]
[BlackElo "2141"]

1. d4 Nf6 2. Nf3 e6 3. e3 b6 4. b3 Bb7 5. Nbd2 Be7 6. Bb2 O-O 7. Bd3 d5 8. O-O
c5 9. dxc5 bxc5 10. c4 Nc6 11. a3 Rc8 12. Qe2 Re8 13. Rfe1 Nd7 14. cxd5 exd5 0-1

[Event "AUTO-OPEN-4283"]
[Site "http://www.queenalice.com/game.php?id=1760997"]
[Date "2021.5.30"]
[Round "1"]
[White "Baruch"]
[Black "chessman"]
[Result "0-1"]
[WhiteElo "2025"]
[BlackElo "1896"]

1. d4 d5 2. Nf3 e6 3. e3 c5 4. Nbd2 Nc6 5. b3 Nf6 6. Bb2 Be7 7. Bd3 O-O 8. O-O
cxd4 9. exd4 a6 10. Ne5 Re8 11. c4 Bb4 12. Ndf3 dxc4 13. Nxc6 bxc6 14. Bxc4 Nd5
15. Rc1 Bb7 16. Ne5 Rc8 17. a3 Bd6 18. Qf3 Qe7 19. b4 Bxe5 20. Bxd5 Bxh2+ 21.
Kxh2 cxd5 22. Rc3 Rxc3 23. Bxc3 Rc8 24. Rc1 Rc4 25. Bd2 Rxd4 26. Bc3 Rc4 27. Qg3
f6 28. Bd2 Rxc1 29. Bxc1 e5 30. Qb3 Qc7 31. Be3 Qc4 32. Qxc4 dxc4 33. Bd2 Kf7
34. Kg3 Bc6 35. f3 Ke6 36. Kf2 Bd5 37. Ke3 g5 38. g3 f5 39. Kf2 h6 40. f4 exf4
41. gxf4 g4 42. Be3 c3 43. Kg3 c2 44. Kh4 Bc4 45. Kh5 g3 46. Kh4 g2 47. Kh5 c1=Q
0-1

[Event "AUTO-OPEN-4283"]
[Site "http://www.queenalice.com/game.php?id=1760998"]
[Date "2021.5.30"]
[Round "1"]
[White "chessman"]
[Black "Baruch"]
[Result "1-0"]
[WhiteElo "1934"]
[BlackElo "2045"]

1. e4 e6 2. d4 d5 3. e5 c5 4. c3 Nc6 5. Nf3 Qb6 6. Be2 cxd4 7. cxd4 Nh6 8. Nc3
Nf5 9. O-O Be7 10. h3 O-O 11. a3 Nfxd4 12. Bd3 a6 13. b4 Nxf3+ 14. Qxf3 Nxe5 15.
Bxh7+ Kxh7 16. Qh5+ Kg8 17. Qxe5 Bf6 18. Qg3 Qd4 19. Bb2 Qc4 20. Rac1 d4 21. Ne4
Qd5 22. Nxf6+ 1-0

[Event "AUTO-OPEN-4283"]
[Site "http://www.queenalice.com/game.php?id=1760999"]
[Date "2021.5.30"]
[Round "1"]
[White "Baruch"]
[Black "DAlessandro"]
[Result "1-0"]
[WhiteElo "2004"]
[BlackElo "1660"]

1. d4 d5 2. Nf3 Nc6 3. e3 a6 4. b3 Nf6 5. Bb2 Bg4 6. Nbd2 e6 7. Bd3 Bd6 8. O-O
O-O 9. h3 Bh5 10. Rc1 Nb4 11. e4 dxe4 12. Nxe4 Nxa2 13. Rb1 Nb4 14. Nxf6+ Qxf6
15. d5 Qf4 16. Be2 Bxf3 17. g3 Qh6 18. Bxf3 Qxh3 19. Bg2 Qf5 20. Qd4 e5 21. Qe4
Qg5 22. c4 a5 23. Qe3 Qe7 24. Rfe1 Rfe8 25. Be4 Rac8 26. Qf3 c6 27. Bc3 cxd5 28.
Bxd5 Nxd5 29. Qxd5 b6 30. Qe4 Qg5 31. Re3 Qg6 32. Rbe1 Qxe4 33. Rxe4 f6 34. f4
Kf7 35. fxe5 Bc5+ 36. Kg2 fxe5 37. Bxe5 g5 38. Rf1+ Kg8 39. Rfe1 h6 40. Kh3 h5
41. Bf6 Rxe4 42. Rxe4 g4+ 43. Kh4 Kf7 44. Rf4 Kg6 45. Bg5 Rf8 46. Re4 Rh8 47.
Re6+ Kf7 48. Rc6 Kg7 49. Bf6+ 1-0

[Event "AUTO-OPEN-4283"]
[Site "http://www.queenalice.com/game.php?id=1761000"]
[Date "2021.5.30"]
[Round "1"]
[White "DAlessandro"]
[Black "Baruch"]
[Result "0-1"]
[WhiteElo "1511"]
[BlackElo "2043"]

1. c4 e6 2. Nc3 c5 3. a3 Nc6 4. Nf3 Nf6 5. d3 Be7 6. e3 O-O 7. Be2 a6 8. O-O Rb8
9. Bd2 b5 10. cxb5 axb5 11. Nxb5 Rxb5 12. b3 Rb6 13. d4 Ba6 0-1

[Event "AUTO-OPEN-4299"]
[Site "http://www.queenalice.com/game.php?id=1766727"]
[Date "2021.8.12"]
[Round "1"]
[White "askasl159"]
[Black "Baruch"]
[Result "1-0"]
[WhiteElo "1629"]
[BlackElo "1922"]

1. e4 e6 2. Nf3 c5 3. b3 d5 4. exd5 exd5 5. Bb2 Nf6 6. Bb5+ Bd7 7. Bxd7+ Nbxd7
8. O-O Be7 9. d4 c4 10. Nc3 O-O 11. Ne5 Nb6 12. Re1 Re8 13. Re3 Rc8 14. Qf3 cxb3
15. axb3 1-0

[Event "AUTO-OPEN-4299"]
[Site "http://www.queenalice.com/game.php?id=1766728"]
[Date "2021.8.12"]
[Round "1"]
[White "Baruch"]
[Black "askasl159"]
[Result "0-1"]
[WhiteElo "1894"]
[BlackElo "1657"]

1. d4 d5 2. Nf3 g6 3. e3 Bg7 4. Be2 c5 5. b3 Nc6 6. Bb2 Bf5 7. a3 cxd4 8. O-O e5
9. exd4 e4 10. Ne5 Nge7 11. Ng4 Bxg4 12. Bxg4 O-O 13. c3 a6 14. Nd2 Qc7 15. Rc1
b5 0-1

[Event "AUTO-OPEN-4299"]
[Site "http://www.queenalice.com/game.php?id=1766773"]
[Date "2021.8.12"]
[Round "1"]
[White "profeta"]
[Black "Baruch"]
[Result "0-1"]
[WhiteElo "1511"]
[BlackElo "2006"]

1. d4 d5 2. Nf3 Nc6 3. Nc3 e6 4. Ne5 Nxe5 5. dxe5 Bb4 6. a3 Bxc3+ 7. bxc3 Ne7 8.
Bg5 O-O 9. e3 c5 10. c4 Qc7 11. Bxe7 Qxe7 12. Bd3 Qg5 13. g3 Qxe5 14. O-O b6 15.
Re1 Bb7 16. f4 Qc7 17. Qh5 g6 18. Qe5 Qxe5 19. fxe5 dxc4 20. Bxc4 Bd5 21. Bxd5
exd5 22. e6 fxe6 23. c3 c4 24. h4 Rf3 25. Kg2 Raf8 26. Rf1 Rxe3 27. Rae1 Rxc3
28. Rxe6 Rc2+ 29. Kg1 Rc3 30. Rd6 Rxg3+ 31. Kh2 Rgf3 32. Rxf3 Rxf3 33. Rd8+ Kg7
34. Rd7+ Kh6 35. Rxa7 d4 36. Kg2 Rb3 37. Ra6 d3 38. Kf2 c3 39. Ke3 d2 40. Ke2
Rb1 41. Kd3 d1=Q+ 0-1

[Event "AUTO-OPEN-4299"]
[Site "http://www.queenalice.com/game.php?id=1766774"]
[Date "2021.8.12"]
[Round "1"]
[White "Baruch"]
[Black "profeta"]
[Result "1-0"]
[WhiteElo "2008"]
[BlackElo "1485"]

1. d4 d5 2. Nf3 Nf6 3. e3 Nc6 4. b3 Bg4 5. Bb2 e5 6. Be2 exd4 7. Bxd4 Nxd4 8.
exd4 Ne4 9. Ne5 Bb4+ 10. Kf1 Bxe2+ 11. Qxe2 Qf6 12. f3 Bc3 13. Nxc3 Nxc3 14. Qe3
Ne4 15. Ke1 Qh4+ 16. Ke2 Qf2+ 17. Qxf2 Nxf2 18. Kxf2 O-O 19. Rhe1 Rad8 20. Nd3
b6 21. Re7 c5 22. dxc5 bxc5 23. Nxc5 Kh8 24. Rae1 g6 25. Nd7 Rg8 26. Nf6 Rgf8
27. Rd1 Rd6 28. Ne4 Rdd8 29. Ng5 Kg7 30. Rde1 h6 31. Ne6+ Kf6 32. Nxf8 Rxf8 33.
Re8 Rxe8 34. Rxe8 g5 35. Ke3 a5 36. Kd4 Kf5 37. Kxd5 g4 38. Re5+ Kf4 39. Re4+
Kf5 40. fxg4+ Kg5 41. g3 f5 42. h4+ Kg6 43. Re6+ Kf7 44. gxf5 h5 45. f6 a4 46.
bxa4 Kf8 47. Re7 1-0

[Event "AUTO-MASTER-3059"]
[Site "http://www.queenalice.com/game.php?id=1766871"]
[Date "2021.8.14"]
[Round "1"]
[White "Baruch"]
[Black "Pin"]
[Result "0-1"]
[WhiteElo "2010"]
[BlackElo "2072"]

1. d4 Nf6 2. Nf3 g6 3. e3 Bg7 4. Be2 d5 5. b3 O-O 6. Bb2 c5 7. dxc5 Qa5+ 8. Nbd2
Qxc5 9. O-O Nc6 10. Rc1 Be6 11. c4 dxc4 12. Bxc4 Bxc4 13. Nxc4 Rfd8 14. Qe2 Qh5
0-1

[Event "AUTO-MASTER-3059"]
[Site "http://www.queenalice.com/game.php?id=1766872"]
[Date "2021.8.14"]
[Round "1"]
[White "Pin"]
[Black "Baruch"]
[Result "1-0"]
[WhiteElo "2086"]
[BlackElo "1996"]

1. e4 e6 2. d4 d5 3. e5 c5 4. c3 Nc6 5. Nf3 Qb6 6. Be2 cxd4 7. cxd4 Bb4+ 8. Nc3
Nge7 9. g4 O-O 10. h4 Bd7 11. a3 Bxc3+ 12. bxc3 Rac8 13. Bd2 a6 14. Rb1 Qa7 15.
Kf1 1-0

[Event "AUTO-MASTER-3059"]
[Site "http://www.queenalice.com/game.php?id=1766873"]
[Date "2021.8.14"]
[Round "1"]
[White "Baruch"]
[Black "ratorei"]
[Result "0-1"]
[WhiteElo "1965"]
[BlackElo "2138"]

1. d4 Nf6 2. Nf3 g6 3. e3 Bg7 4. Be2 d5 5. b3 a5 6. Bb2 c6 7. O-O Nbd7 8. Nbd2
b6 9. c4 Bb7 10. Qc2 Rc8 11. Rfe1 O-O 12. Ne5 e6 13. Rac1 Ne8 14. Ba3 c5 15. Nd3
f6 16. Nb1 dxc4 0-1

[Event "AUTO-MASTER-3059"]
[Site "http://www.queenalice.com/game.php?id=1766874"]
[Date "2021.8.14"]
[Round "1"]
[White "ratorei"]
[Black "Baruch"]
[Result "1-0"]
[WhiteElo "2145"]
[BlackElo "1956"]

1. e4 e6 2. d4 d5 3. Nc3 Bb4 4. exd5 Bxc3+ 5. bxc3 exd5 6. Ba3 Ne7 7. Bd3 Nbc6
8. Nf3 Bg4 9. O-O Bxf3 10. Qxf3 O-O 11. Qh3 g6 12. Qh6 Re8 13. g4 Qd7 14. h3 f5
15. f3 Kh8 16. Rae1 Ng8 17. Qg5 Qd8 18. Qf4 1-0

[Event "AUTO-MASTER-3059"]
[Site "http://www.queenalice.com/game.php?id=1766875"]
[Date "2021.8.14"]
[Round "1"]
[White "Baruch"]
[Black "Artking"]
[Result "0-1"]
[WhiteElo "1934"]
[BlackElo "2022"]

1. d4 Nf6 2. Nf3 c5 3. e3 g6 4. Be2 Bg7 5. b3 cxd4 6. exd4 d6 7. Bb2 Nc6 8. Nbd2
O-O 9. O-O Nh5 10. Nc4 Nf4 11. Re1 Bg4 12. c3 e5 13. dxe5 Nxe2+ 14. Qxe2 dxe5
0-1

[Event "AUTO-MASTER-3059"]
[Site "http://www.queenalice.com/game.php?id=1766876"]
[Date "2021.8.14"]
[Round "1"]
[White "Artking"]
[Black "Baruch"]
[Result "1-0"]
[WhiteElo "2008"]
[BlackElo "1948"]

1. Nf3 e6 2. d4 d5 3. c4 Nf6 4. Nc3 Bb4 5. e3 O-O 6. Bd3 Nbd7 7. O-O Bxc3 8.
bxc3 c5 9. cxd5 exd5 10. Ne5 c4 11. Bc2 Qa5 12. a4 Nxe5 13. dxe5 Nd7 14. f4 Nc5
15. Ba3 1-0